LEADER 03344nam0 22005053i 450 001 BVEE060188 005 20170908093231.0 012 $aumME o-am v.i- lebe (3) 1759 (R)$2fei 100 $a20130726d1759 ||||0itac50 ba 101 | $alat 102 $ait 181 1$6z01$ai $bxxxe 182 1$6z01$an 200 1 $a˜L. Caelii Lactantii Firmiani œDe mortibus persecutorum liber singularis ad Donatum confessorem recensuit, variantibus lectionibus, annotationibus, castigationibus, ac dissertationibus illustravit Fr. Eduardus a S. Xaverio C. E 210 $aRomae$cex typographia Josephi, et Nicolai Grossi, in aedibus de Maximis$d1759 215 $axii, [4], 280 p. ill.$d8º 300 $aTra le c. preliminari compare l'imprimatur del generale dell'Ordine dei Carmelitani scalzi, datato 1753: ... facultatem impertimur ... Eduardo a Sancto Francisco Xaverio ... imprimendi Opera omnia Lactantii Firmiani cum notis, & Dissertationibus suis 300 $aSegn.: a8 A-Q8 R12 300 $aVignetta calcogr. (Due medaglioni istoriati) sul front. 316 $a1 v. (Timbro BR Neapolis sul front.)$5IT-NA0079, V.F. 6 A 43 316 $a1 v.$5IT-AV0045, Q 038. 180 500 10$aDe mortibus persecutorum$3PUV0405402$9CFIV074554$920313 620 $aIT$dRoma$3LO1L002924 700 1$aLactantius$b, Lucius Caecilius Firmianus$3CFIV074554$4070$0287856 702 1$aFranceschini$b, Edoardo$3CFIV133290 712 02$aGrossi, Giuseppe & Grossi, Niccolò$3UBOV119647$4650 790 1$aLactantius$b, Lucius Firmianus$3CFIV143870$zLactantius, Lucius Caecilius Firmianus 790 0$aLactance$3CFIV143871$zLactantius, Lucius Caecilius Firmianus 790 0$aLattanzio$3CFIV228337$zLactantius, Lucius Caecilius Firmianus 790 1$aLactantius Firmianus$b, Lucius CÅ“lius$3TO0V330707$zLactantius, Lucius Caecilius Firmianus 790 1$aLattanzio$b, Lucio Celio$3TO0V330708$zLactantius, Lucius Caecilius Firmianus 790 1$aLattanzio Firmiano$b, Lucio Celio$3TO0V330709$zLactantius, Lucius Caecilius Firmianus 790 0$aEdoardo : da San Francesco Saverio$3BVEV142582$zFranceschini, Edoardo 791 02$aGrossi, Giuseppe e Grossi, Nicola$3CFIV317002$zGrossi, Giuseppe & Grossi, Niccolò 791 02$aGrossi, Niccolo & Grossi, Giuseppe$3UBOV119649$zGrossi, Giuseppe & Grossi, Niccolò 801 3$aIT$bIT-NA0079$c20130726 850 $aIT-NA0079$aIT-AV0045 899 1$aBiblioteca Nazionale Vittorio Emanuele III$bNA0079$41 esemplare$eS$uhttp://books.google.com/books?vid=IBNN:BN000619835 912 $aBVEE060188 950 0$aBiblioteca Nazionale Vittorio Emanuele III$b1 v.$c1 v.$d BNV.F. 6 A 43$e BN 0006198355 B 1 v. (Timbro BR Neapolis sul front.)$fC $h20130726$i20130726$lTimbro BR Neapolis sul front.$mTimbri storici della biblioteca proprietaria 950 0$aBiblioteca Statale di Montevergine$d MVQ 038. 180$e MV 0000268805 C 1 v.$fZ $h20150904$i20150904 956 $aBiblioteca Nazionale Vittorio Emanuele III$b1$c $d $eBN 000619835$uhttp://books.google.com/books?vid=IBNN:BN000619835$z BNV.F. 6 A 43 977 $a BN$a MV 996 $aDe mortibus persecutorum$920313 997 $aUNISANNIO LEADER 02803nam0 22004453i 450 001 NAPE001512 005 20251003044304.0 012 $aI.o. n-re a.i- sppo (3) 1781 (Q)$2fei 100 $a19000121d1781 ||||0itac50 ba 101 | $aita 102 $ait 181 1$6z01$ai $bxxxe 182 1$6z01$an 183 1$6z01$anc$2RDAcarrier 200 1 $aElogio storico del signor abate Antonio Genovesi professore di civil economia nell'Università di Napoli dell'avvocato Giuseppe Maria Galanti 205 $aTerza edizione notabilmente migliorata e corretta, ed accresciuta dell'Elogio del signor Bartolommeo Intieri e di una Lettera intorno al plagio letterario 210 $aFirenze$cpresso Francesco Pisoni$d[1781] 215 $aVII, [1], 184, [4] p.$d8° 300 $aData di pubblicazione presunta: 1781 300 $aSegn.: ?? A-K? L¹² *² 316 $a1 v. - Legato con Osservazioni intorno a' romanzi..., Napoli, 1781 e con Descrizione dello stato storico ed attuale..., Venezia, 1781$5IT-BN0095 , ANT FONDO RARI 98 423 0$12001 $aElogio del sig. Bartolommeo Intieri.$1700 1$aGalanti$b, Giuseppe Maria$3CFIV038234$4070 423 0$12001 $aLettera intorno al plagio letterario.$1700 1$aGalanti$b, Giuseppe Maria$3CFIV038234$4070 620 $aIT$dFirenze$3RMSL001067 700 1$aGalanti$b, Giuseppe Maria$3CFIV038234$4070$036576 712 02$aPisoni, Francesco$3MILV177310$4650 801 3$aIT$bIT-000000$c19000121 850 $aIT-BN0095 $aIT-NA0079 $aIT-NA0070 $aIT-NA0581 $aIT-BN0015 $aIT-NA0097 899 1$aBiblioteca nazionale Vittorio Emanuele III$bIT-NA0079 $42 esemplari$eS$uhttp://books.google.com/books?vid=IBNN:BN000965150 901 $bNAP FC$cBIBL CROCE$n$ 901 $bNAP BN$cF.DORIA $nIl Fondo è escluso dal servizio di prestito. La consegna del doc. é effettuata dall'Uff. Sale Consultazione. La collocazione Rari viene distribuita presso sezione Manoscritti e Rari 901 $bNAP SP$cBANCO NAP.$n$ 901 $bNAP BN$cV.F. $nLa consegna dei documenti è effettuata dall'Ufficio Distribuzione 901 $bNAP PB$cF. PICCIRI$n$ 901 $bNAP 01$cANT $n$ 912 $aNAPE001512 950 0$aBiblioteca Centralizzata di Ateneo$c1 esemplare$d 01ANT FONDO RARI 98$e 01 0000120765 VMA (0002 1 v. - Legato con Osservazioni intorno a' romanzi..., Napoli, 1781 e con Descrizione dello stato storico ed attuale..., Venezia, 1781$fB $h20230721$i20230804 977 $a 01$a BN$a BU$a FC$a PB$a SP 996 $aElogio storico del signor abate Antonio Genovesi professore di civil economia nell'Università di Napoli dell'avvocato Giuseppe Maria Galanti$93364853 997 $aUNISANNIO